000 00447nam a2200181Ia 4500
001 11433
005 20260306162827.0
008 260306t1983||||xx |||||||||||||| ||spa||
041 _aESP
082 _a985.05
_bB26 T. 6
100 _aBasadre, Jorge
_eAUT
245 0 _aHistoria de la república del Perú 1822-1933
260 _c1983
300 _a369 páginas :T. 6
_c25 cm.
650 _aGEN
654 _aCHU
942 _cLIB
_dJUS
_fJUS
_2ddc
_n
999 _c11433
_d11433